000 005070000a22001810004500
003 MACL
005 20160519164847.0
008 160519b xxu||||| |||| 00| 0 eng d
040 _aMACL
_cMACL
041 _aHindi
082 _a891.433
100 _aबलराम
_958302
245 _aकलम हुए हाथ
_cबलराम
260 _bभावना प्रकाशन
_c2006
_aदिल्‍ली
350 _a150
650 _aStories
_958303
942 _cHIN
_k891.433/BAL/S
_2ddc
999 _c22362
_d22362